A Dança da Luna da Praia de Faro (Registo nº 4419)

Detalhes MARC
000 -Etiqueta do registo
Cabeçalho 00707nam0a2200229 4500
005 - Identificador da versão
Campo de controlo 20240813122100.0
021 ## - Número do Depósito Legal
Código do país PT
Número 328155/11
100 ## - Dados gerais de processamento
Dados gerais de processamento 20111130d2011 c y0pory5003 ba
102 ## - Pais de publicação ou produção
País de publicação Portugal
101 0# - Língua de publicação
Língua do texto, banda sonora, etc. Português
106 ## - Campo de dados codificados: material textual
Dados codificados do material textual r
105 ## - Campo de dados codificados: livros
Dados codificados dos livros a z 001yy
215 ## - Descrição física 
Indicação específica da natureza do documento e extensão da espécie 95 p
Outras indicações físicas il.
200 1# - Titulo e menção de responsabilidade
Título próprio A Dança da Luna da Praia de Faro
Primeira menção de responsabilidade Helena Tapadinhas
Outras menções de responsabilidade Rosa Trindade; Margarida Gaspar
210 ## - Publicação, Distribuição, etc. 
Lugar da edição, distribuição, etc. Faro
Nome do editor, distribuidor, etc. Direcção Regional do Algarve
Data da publicação, distribuição, etc. 2011
300 ## - Notas gerais 
Texto da nota Edição para o 5º Ciclo Temático "Contos do Mago" do Programa Regional de Educação Ambiental pela Arte
700 #1 - Nome de autor-pessoa física (responsabilidade principal)
Número de registo de entrada de autoridade 0001249
Palavra de ordem Tapadinhas
Outra parte do nome não tomada para palavra de ordem Helena
966 ## - Identificação da Biblioteca
Sigla EBVendas
942 ## - Elementos de entrada adicionados (Koha)
Tipo de item no Koha Livro
Exemplares
Situação do levantamento Origin of item (home branch) (coded) Biblioteca de empréstimo Código de barras Cota Circulation type (not for loan) Tipo de documento Nota do exemplar Damaged status
  Biblioteca Escolar das Vendas Biblioteca Escolar das Vendas BEV2484 | 2011 8POR TAP   Livro Sem mensagem